| 000 | 00433nam a2200157 a 4500 | ||
|---|---|---|---|
| 001 | 2681 | ||
| 003 | CDMR | ||
| 005 | 20130116135234.0 | ||
| 008 | 130130s1998||||||||||||||||||||||||||||d | ||
| 040 |
_aCDMR _bcat _cCPC LLEIDA |
||
| 100 | 1 |
_aPérez López, María Ángeles _92013 |
|
| 245 | 1 | 4 |
_aLos signos infinitos _cPEREZ LOPEZ, M. Angeles |
| 260 |
_aZaragoza _c1998 _bUniversitat de Lleida |
||
| 490 | 0 |
_aSerie América _92014 |
|
| 942 | _cMON | ||
| 999 |
_c2681 _d2681 |
||